<?xml version="1.0" encoding="UTF-8"?><?xml-stylesheet type="text/xsl" href="static/style.xsl"?><OAI-PMH xmlns="http://www.openarchives.org/OAI/2.0/" xmlns:xsi="http://www.w3.org/2001/XMLSchema-instance" xsi:schemaLocation="http://www.openarchives.org/OAI/2.0/ http://www.openarchives.org/OAI/2.0/OAI-PMH.xsd"><responseDate>2026-04-13T13:20:06Z</responseDate><request verb="GetRecord" identifier="oai:www.recercat.cat:2072/457897" metadataPrefix="marc">https://recercat.cat/oai/request</request><GetRecord><record><header><identifier>oai:recercat.cat:2072/457897</identifier><datestamp>2025-08-29T15:03:52Z</datestamp><setSpec>com_2072_98</setSpec><setSpec>col_2072_378192</setSpec></header><metadata><record xmlns="http://www.loc.gov/MARC21/slim" xmlns:dcterms="http://purl.org/dc/terms/" xmlns:xsi="http://www.w3.org/2001/XMLSchema-instance" xmlns:doc="http://www.lyncode.com/xoai" xsi:schemaLocation="http://www.loc.gov/MARC21/slim http://www.loc.gov/standards/marcxml/schema/MARC21slim.xsd">
   <leader>00925njm 22002777a 4500</leader>
   <datafield ind2=" " ind1=" " tag="042">
      <subfield code="a">dc</subfield>
   </datafield>
   <datafield ind2=" " ind1=" " tag="720">
      <subfield code="a">Kokolakis, Georgios</subfield>
      <subfield code="e">author</subfield>
   </datafield>
   <datafield ind2=" " ind1=" " tag="720">
      <subfield code="a">Vadstrup, Kasper</subfield>
      <subfield code="e">author</subfield>
   </datafield>
   <datafield ind2=" " ind1=" " tag="720">
      <subfield code="a">Hansen, Jes Birger</subfield>
      <subfield code="e">author</subfield>
   </datafield>
   <datafield ind2=" " ind1=" " tag="720">
      <subfield code="a">Carrascosa, José Manuel</subfield>
      <subfield code="e">author</subfield>
   </datafield>
   <datafield ind2=" " ind1=" " tag="720">
      <subfield code="a">Universitat Autònoma de Barcelona</subfield>
      <subfield code="e">author</subfield>
   </datafield>
   <datafield ind2=" " ind1=" " tag="260">
      <subfield code="c">2021</subfield>
   </datafield>
   <datafield ind2=" " ind1=" " tag="520">
      <subfield code="a">Obesity, smoking, and alcohol consumption are prevalent in psoriasis patients and have been associated with increased disease severity and reduced treatment adherence and response. This post hoc analysis of pooled data from the phase 3 AMAGINE-2 and -3 trials compared the efficacy of brodalumab versus ustekinumab in psoriasis patients with aggravating and potentially treatment-confounding lifestyle risk factors. This post hoc analysis evaluated complete skin clearance, as measured by a 100% reduction of Psoriasis Area and Severity Index (PASI100) and quality of life (QoL), as measured by a Dermatology Life Quality Index (DLQI) score of 0/1, by the presence of risk factors (obesity, tobacco or alcohol use). A competing risk model assessed cumulative incidence over 52 weeks with outcomes of PASI100 or inadequate response. This analysis included 929 patients (brodalumab 210 mg, n = 339; ustekinumab, n = 590) with moderate-to-severe psoriasis. At week 52, odds ratios (95% confidence intervals [CIs]) for complete clearance with brodalumab versus ustekinumab were 2.50 (1.14-5.46, P = 0.0186), 4.64 (2.80-7.69, P &lt; 0.0001), 2.06 (1.25-3.40, P = 0.0045), and 2.55 (0.55-11.91, P = 0.2117) in patients with no, one, two, or three risk factors, respectively. Corresponding odds ratios (ORs) (95% CIs) for DLQI 0/1 with brodalumab versus ustekinumab were 1.72 (0.78-3.79, P = 0.1883), 2.49 (1.54-4.02, P &lt; 0.0002), 1.57 (0.97-2.54, P = 0.0666), and 2.07 (0.45-9.57, P = 0.3438). The 52-week cumulative incidence of patients achieving PASI100 was consistently higher for brodalumab versus ustekinumab, regardless of number of risk factors (P &lt; 0.0001 for one or two risk factors and P = 0.0029 for three risk factors). Higher levels of complete skin clearance and QoL were achieved and maintained with brodalumab versus ustekinumab in patients with moderate-to-severe psoriasis, regardless of the presence of lifestyle risk factors. AMAGINE-2 (NCT01708603); AMAGINE-3 (NCT01708629). The online version contains supplementary material available at 10.1007/s13555-021-00618-5.</subfield>
   </datafield>
   <datafield tag="653" ind2=" " ind1=" ">
      <subfield code="a">Alcohol consumption</subfield>
   </datafield>
   <datafield tag="653" ind2=" " ind1=" ">
      <subfield code="a">Brodalumab</subfield>
   </datafield>
   <datafield tag="653" ind2=" " ind1=" ">
      <subfield code="a">Obesity</subfield>
   </datafield>
   <datafield tag="653" ind2=" " ind1=" ">
      <subfield code="a">Psoriasis</subfield>
   </datafield>
   <datafield tag="653" ind2=" " ind1=" ">
      <subfield code="a">QoL</subfield>
   </datafield>
   <datafield tag="653" ind2=" " ind1=" ">
      <subfield code="a">Skin clearance</subfield>
   </datafield>
   <datafield tag="653" ind2=" " ind1=" ">
      <subfield code="a">Smoking</subfield>
   </datafield>
   <datafield tag="653" ind2=" " ind1=" ">
      <subfield code="a">Ustekinumab</subfield>
   </datafield>
   <datafield ind2="0" ind1="0" tag="245">
      <subfield code="a">Increased Skin Clearance and Quality of Life Improvement with Brodalumab Compared with Ustekinumab in Psoriasis Patients with Aggravating Lifestyle Factors</subfield>
   </datafield>
</record></metadata></record></GetRecord></OAI-PMH>